[Event "Hastings8899"]
[Site "Hastings"]
[Date "1988.??.??"]
[Round "?"]
[White "Speelman, Jonathan S"]
[Black "Kortschnoj, Viktor"]
[Result "0-1"]
[WhiteElo "2645"]
[BlackElo "2595"]

1.Nf3 e6 2.g3 b5 3.Bg2 Bb7 4.O-O c5 5.d3 Nf6 6.e4 d6 7.a4 b4 8.Nbd2 Be7 9.Nc4 O-O
10.Re1 Nc6 11.a5 Rb8 12.a6 Ba8 13.Bf4 Rc8 14.c3 d5 15.exd5 Nxd5 16.Bd2 Bf6
17.Qc2 Rc7 18.h4 Rd7 19.Ng5 h6 20.Ne4 Be7 21.f4 Nb6 22.Nxb6 axb6 23.Nf2 Na5
24.Bxa8 Qxa8 25.Re4 Qxa6 26.cxb4 cxb4 27.Bxb4 Qb5 28.Bxe7 Rxe7 29.Rc1 Qd5
30.Re5 Qf3 31.Kh2 Nb3 32.Qxb3 Qxf2+ 33.Kh3 Rd7 34.Rce1 Rfd8 35.R5e2 Qc5 36.Re5 Qc6
37.R1e3 Rd4 38.h5 Qc1 39.Re1 Qd2 40.R1e2 Qxd3 41.Qxd3 Rxd3 42.f5 exf5 43.Rxf5 R8d5
44.Re8+ Kh7 45.Ree5 Rxe5 46.Rxe5 Rb3 47.Re7 f6 48.Re2 Kg8 49.Rc2 Rb5 50.Kg4 Rg5+
51.Kh4 b5 52.Rc7 Re5 53.Rc8+ Kf7 54.Rc7+ Re7 55.Rc5 Re4+ 56.Kh3 Re5 57.Rc7+ Kg8
58.Kg4 Re2 59.Rb7 Rxb2 60.Kf5 Kh7 61.Kg4 Rb3 62.Rb8 b4 63.Kf4 Rb1 64.g4 b3
65.Kf3 b2 66.Kg2 g5 67.Rb7+ Kg8 68.Kh2 Kf8 69.Kg2 Ke8 70.Kh2 Kd8 71.Kg2 Kc8  0-1

[Event "Hastings8899"]
[Site "Hastings"]
[Date "1988.??.??"]
[Round "?"]
[White "Speelman, Jonathan S"]
[Black "Gulko, Boris F"]
[Result "1-0"]
[WhiteElo "2645"]
[BlackElo "2590"]

1.Nf3 Nf6 2.c4 b6 3.g3 Bb7 4.d4 e6 5.Bg2 Be7 6.O-O O-O 7.Nc3 Ne4 8.Bd2 Bf6
9.Rc1 c5 10.d5 Nxc3 11.Bxc3 Bxc3 12.Rxc3 exd5 13.Nh4 Na6 14.Nf5 Qf6 15.Ne3 Rae8
16.Bxd5 Bc6 17.Bxc6 dxc6 18.Qa4 Nc7 19.Rd1 a6 20.Rd7 b5 21.cxb5 axb5 22.Qf4 Qxf4
23.gxf4 Na6 24.Ra3 Nb4 25.Raa7 Nd5 26.Nxd5 cxd5 27.Kf1 d4 28.Rac7 Rc8 29.Rxf7 Rxc7
30.Rxc7 Rf5 31.b3 h6 32.h4 b4 33.e3 dxe3 34.fxe3 g5 35.hxg5 hxg5 36.Kf2 gxf4
37.e4 Rh5 38.Kf3 Rh2 39.Rxc5 Rxa2 40.Rb5 Kf7 41.Kxf4 Rb2 42.Rxb4 Ke6 43.Rb6+ Kd7
44.Ke5 Rh2 45.Rd6+ Ke7 46.Rd5 Rb2 47.Rb5 Kd7 48.Rb7+ Kc6 49.Rb4 Kd7 50.Rd4+ Ke7
51.b4 Rb1 52.Kd5 Kd7 53.e5 Re1 54.b5 Re2 55.Kc5+ Kc7 56.b6+ Kc8 57.Kd6  1-0

[Event "Hastings8899"]
[Site "Hastings"]
[Date "1988.??.??"]
[Round "?"]
[White "Smyslov, Vassily"]
[Black "Speelman, Jonathan S"]
[Result "1/2-1/2"]
[WhiteElo "2550"]
[BlackElo "2645"]

1.e4 d6 2.d4 g6 3.Nf3 Nf6 4.Nc3 Bg7 5.h3 O-O 6.Be3 c6 7.a4 d5 8.e5 Ne4 9.Nxe4 dxe4
10.Ng5 c5 11.dxc5 Qc7 12.Nxe4 Qxe5 13.Nc3 Nc6 14.Bb5 Rd8 15.Qe2 Be6 16.Bxc6 bxc6
17.O-O Rdb8 18.Nd1 Qe4 19.f3 Qc4 20.Qxc4 Bxc4 21.Re1 Bxb2 22.Nxb2 Rxb2 23.Bd4 Rb7
24.Rab1 Rab8 25.Rxb7 Rxb7 26.Bc3 f6 27.Re4 Bd5 28.Rb4 Rxb4  1/2-1/2

[Event "Hastings8899"]
[Site "Hastings"]
[Date "1988.??.??"]
[Round "?"]
[White "Short, Nigel D"]
[Black "Speelman, Jonathan S"]
[Result "0-1"]
[WhiteElo "2665"]
[BlackElo "2645"]

1.e4 c6 2.d4 d5 3.Nc3 dxe4 4.Nxe4 Nd7 5.Bc4 Ngf6 6.Ng5 e6 7.Qe2 Nb6 8.Bb3 h6
9.N5f3 c5 10.Bf4 Nbd5 11.Be5 Qa5+ 12.Nd2 b5 13.c4 bxc4 14.Bxc4 Nb6 15.b4 Qxb4
16.Rb1 Qa5 17.Bb5+ Bd7 18.Bxf6 gxf6 19.Nf3 cxd4 20.O-O Rd8 21.Ne4 Be7 22.Nxd4 Kf8
23.Rfd1 f5 24.Ng3 Bxb5 25.Nxb5 Nd5 26.Rb3 h5 27.Nd4 Nf4 28.Qf1 Qxa2 29.Rf3 h4
30.Ngxf5 exf5 31.Rxf4 Rh6 32.Ra1 Qd2 33.Ne2 Re6 34.Rxf5 Qxe2 35.Qc1 Red6  0-1

[Event "Hastings8899"]
[Site "Hastings"]
[Date "1988.??.??"]
[Round "?"]
[White "Gulko, Boris F"]
[Black "Speelman, Jonathan S"]
[Result "1/2-1/2"]
[WhiteElo "2590"]
[BlackElo "2645"]

1.d4 d6 2.Nf3 g6 3.g3 Bg7 4.Bg2 Nf6 5.c4 O-O 6.Nc3 c6 7.O-O Bf5 8.b3 Ne4
9.Bb2 Nxc3 10.Bxc3 Be4 11.Rc1 Nd7 12.e3 Re8 13.Bh3 e6 14.Ne1 c5 15.Qd2 cxd4
16.Bxd4 Nf6 17.Bg2 Bxg2 18.Nxg2 Qe7 19.Rfd1 Red8 20.Qb4 b6 21.Be5 Qb7 22.Bxf6 Bxf6
23.Rxd6 Rxd6 24.Qxd6 Rd8 25.Qf4 Be7 26.e4 Rd4 27.Re1 Bb4 28.Qe3 Qd7 29.Rf1 Rd2
30.Qf3 Bc5 31.Ne3 h5 32.g4 Bxe3 33.fxe3 hxg4 34.Qxg4 Qd6 35.Qf4 Qxf4 36.exf4 Rxa2
37.Rf2 Ra3 38.Rf3 Kg7 39.Kg2 a5 40.h3 Kf6 41.Kg3 a4  1/2-1/2

[Event "Madrid rapid"]
[Site "Madrid"]
[Date "1988.??.??"]
[Round "1"]
[White "Azmaiparashvili, Zurab"]
[Black "Speelman, Jonathan S"]
[Result "1/2-1/2"]
[WhiteElo "2540"]
[BlackElo "2625"]

1.c4 e5 2.Nc3 d6 3.g3 Nc6 4.Bg2 g6 5.Rb1 a5 6.a3 Be6 7.Nd5 Bg7 8.b4 axb4
9.axb4 Nce7 10.d3 c6 11.Nxe7 Nxe7 12.Nf3 h6 13.O-O O-O 14.Bb2 Qc7 15.Qc2 Ra2
16.Nd2 f5 17.Ra1 Rfa8 18.Rxa2 Rxa2 19.Ra1 Rxa1+ 20.Bxa1 Qd7 21.Qa4 Kf7 22.Nb3 b5
23.Qa6 bxc4 24.dxc4 Qc8 25.Qxc8 Nxc8 26.Na5 e4 27.Bxg7 Kxg7 28.Nxc6 Bxc4
29.e3 Kf6 30.Bf1 d5 31.h4 h5 32.Bxc4 dxc4 33.Kf1 Ke6 34.Ke2 Kd5 35.Na5 Nd6
36.Kd2 Nf7 37.Kc3 Ne5 38.b5 Kc5 39.b6 Kxb6 40.Nxc4+  1/2-1/2

[Event "Madrid rapid"]
[Site "Madrid"]
[Date "1988.??.??"]
[Round "3"]
[White "Sokolov, Andrei"]
[Black "Speelman, Jonathan S"]
[Result "0-1"]
[WhiteElo "2595"]
[BlackElo "2625"]

1.e4 d5 2.exd5 Nf6 3.c4 e6 4.dxe6 Bxe6 5.d4 Bb4+ 6.Bd2 Qe7 7.Bxb4 Qxb4+ 8.Nd2 Nc6
9.Nf3 O-O-O 10.d5 Bg4 11.Be2 Bxf3 12.Bxf3 Rhe8+ 13.Kf1 Nd4 14.Qc1 Nxf3 15.Nxf3 Re4
16.b3 Rde8 17.h3 Nh5 18.g3 Nxg3+ 19.fxg3 Re3 20.Ng1 Qd6 21.Rh2 Rxg3 22.Qb2 Qg6
23.Kf2 Ree3 24.Ne2 Rgf3+ 25.Ke1 Qg1+ 26.Kd2 Qxh2 27.Re1 Qf2  0-1

[Event "Madrid rapid"]
[Site "Madrid"]
[Date "1988.??.??"]
[Round "4"]
[White "Speelman, Jonathan S"]
[Black "Dolmatov, Sergey"]
[Result "1/2-1/2"]
[WhiteElo "2625"]
[BlackElo "2565"]

1.d4 e6 2.g3 f5 3.Bg2 Nf6 4.c4 c6 5.Nh3 Bb4+ 6.Nd2 d6 7.O-O Bxd2 8.Qxd2 O-O
9.b3 e5 10.Bb2 Qe7 11.Rad1 e4 12.d5 c5 13.Nf4 Na6 14.f3 Bd7 15.fxe4 fxe4
16.Ne6 Bxe6 17.dxe6 Qxe6 18.Qxd6 Rae8 19.Qxe6+ Rxe6 20.Rf4 Nb4 21.Bxf6 Rfxf6
22.Rxe4 Rxe4 23.Bxe4 Nxa2 24.Rd8+ Kf7 25.Rd7+ Kf8 26.Rxb7 h6 27.Kg2 Nc1 28.Bf3 Rb6
29.Rxa7 Nxb3 30.Bd5 g5 31.g4 Nd4 32.e3 Rb2+ 33.Kg3 Rb3 34.Rf7+ Ke8 35.Kf2 Rb2+
36.Kg1 Rb1+ 37.Kg2 Nc2 38.Kf2 Rd1 39.Rf6 Rd2+ 40.Kg3 Rd3 41.Re6+ Kd7 42.Kf3 Rc3
43.Ke2 Na3 44.Rxh6 Nxc4 45.Bxc4 Rxc4 46.h3 Rc2+ 47.Kd3 Rf2 48.Kc4 Rf3 49.e4 Re3
50.Kd5 c4 51.Rh7+ Ke8 52.Kd4 Re1 53.Kxc4 Rxe4+ 54.Kd5 Re3 55.Kd4 Rf3 56.Ke4 Rf4+
57.Ke5 Kf8 58.Rh5 Rf3 59.Ke6 Kg7 60.Rxg5+ Kh6 61.Rh5+ Kg6 62.Ke5 Rf1 63.Ke4 Rf2
64.Ke3 Rf1 65.Ke2 Rf4 66.Ra5 Rf8 67.Ke3 Rh8 68.Kf4 Rxh3 69.Ra6+ Kg7 70.Kg5 Re3
71.Ra7+ Kg8 72.Kf6 Re8 73.Rg7+ Kh8 74.Rf7 Kg8 75.g5 Ra8  1/2-1/2

[Event "Madrid rapid"]
[Site "Madrid"]
[Date "1988.??.??"]
[Round "5"]
[White "Gurevich, Mikhail"]
[Black "Speelman, Jonathan S"]
[Result "1/2-1/2"]
[WhiteElo "2625"]
[BlackElo "2625"]

1.d4 Nc6 2.Nf3 d6 3.d5 Ne5 4.Nxe5 dxe5 5.e4 Nf6 6.Nc3 e6 7.Bb5+ Bd7 8.dxe6 fxe6
9.Bg5 Bxb5 10.Nxb5 c6 11.Bxf6 gxf6 12.Qh5+ Ke7 13.Nc3 Qe8 14.Qf3 Bh6 15.O-O Rd8
16.Rad1 Qg6 17.Na4 Rhg8 18.g3 Qg4 19.Qa3+ Kf7 20.Nc3 Bd2 21.Nb1 Bb4 22.Qxb4 Rxd1
23.Qxb7+ Kg6 24.Nc3 Rxf1+ 25.Kxf1 Qh3+ 26.Ke2 Qh5+ 27.Ke1 Qxh2 28.Qxc6 Qh1+
29.Ke2 Qh5+ 30.Ke3 Qh6+ 31.Kf3 Qh3 32.Qd7 h5 33.Ke2 Qg4+ 34.Ke1 Rg7 35.Qc6 a5
36.Nd1 Re7 37.Ne3 Qf3 38.b3 Kf7 39.Qc4 Rd7 40.c3 h4 41.gxh4 Qh1+ 42.Ke2 Qxh4
43.Qc6 Qh5+ 44.Ke1 Qh1+ 45.Ke2 Ke7 46.Qc5+ Kf7 47.Qc6 Ke7 48.Qc5+ Kf7 49.Qc4 Qh5+
50.Ke1 Qh1+ 51.Nf1 Qf3 52.Nd2 Qh1+ 53.Ke2 Qh5+ 54.Ke1 Qh1+ 55.Qf1 Qh6 56.Qe2 Qh1+
57.Nf1 Qh6 58.Qe3 Qh5 59.Nd2 Qh1+ 60.Ke2 Qc1 61.a4 Qc2 62.b4 axb4 63.cxb4 Qxa4
64.Qc3 Qb5+ 65.Ke3 Rb7 66.Kf3 Qxb4 67.Qe3 Rd7 68.Nf1 Qc4 69.Kg2 Qd3 70.Qe1 Qd1
71.Qa5 Rd3 72.Ne3 Rxe3 73.Qa7+ Kg6 74.Qxe3 Qg4+ 75.Kf1 Qf4 76.Qe2 Kg5 77.Qd3 Kg4
78.Kg2 f5 79.Qh3+ Kg5 80.exf5 exf5 81.Qh8 Qg4+ 82.Kf1 e4 83.Qg7+ Kh5 84.Qh7+  1/2-1/2

[Event "Madrid rapid"]
[Site "Madrid"]
[Date "1988.??.??"]
[Round "6"]
[White "Speelman, Jonathan S"]
[Black "Psakhis, Lev"]
[Result "1-0"]
[WhiteElo "2625"]
[BlackElo "2550"]

1.Nf3 Nf6 2.c4 b6 3.g3 c5 4.Bg2 Bb7 5.O-O e6 6.Nc3 a6 7.Re1 d6 8.e4 Nbd7
9.d4 cxd4 10.Nxd4 Qc7 11.Be3 Be7 12.Rc1 O-O 13.f4 Rfe8 14.f5 Bf8 15.fxe6 fxe6
16.Bh3 Nc5 17.b4 e5 18.bxc5 exd4 19.cxb6 Qxb6 20.Bxd4 Qd8 21.Qd3 Nd7 22.Bxd7 Qxd7
23.Nd5 Rad8 24.Rb1 Re6 25.Rf1 a5 26.Rf4 Ba6 27.Rbf1 Ree8 28.R1f2 Rb8 29.Kg2 Bc8
30.Qf3 Qh3+ 31.Kg1 Rb1+ 32.Rf1 Rxf1+ 33.Qxf1 Qxf1+ 34.Kxf1 Ba6 35.Ne3 Rc8
36.Ke2 Bxc4+ 37.Nxc4 Rxc4 38.Kd3 Ra4 39.Rf2 g6 40.Rc2 Kf7 41.Rf2+ Kg8 42.g4 Be7
43.Bc3 Bh4 44.Rb2 h6 45.Rb7 g5 46.Rd7 Rxa2 47.Rxd6 Rxh2 48.e5 Rh3+ 49.Kc4 Re3
50.e6 Bg3 51.Rd8+ Kh7 52.Rh8+ Kg6 53.Rg8+ Kh7 54.Rg7+ Kh8 55.Rxg5+ Kh7 56.Rg7+ Kh8
57.e7 Bd6 58.Rf7+ Kg8 59.Rf8+ Kh7 60.e8=Q  1-0

[Event "Madrid rapid"]
[Site "Madrid"]
[Date "1988.??.??"]
[Round "7"]
[White "Chernin, Alexander"]
[Black "Speelman, Jonathan S"]
[Result "1-0"]
[WhiteElo "2560"]
[BlackElo "2625"]

1.d4 d6 2.c3 g6 3.Bg5 h6 4.Bh4 Bg7 5.e4 Nf6 6.Nd2 Nc6 7.Be2 e5 8.dxe5 dxe5
9.Ngf3 O-O 10.O-O a6 11.Qc2 Qe8 12.Rfe1 Nh5 13.Nc4 Nf4 14.Bf1 Be6 15.Nfd2 f6
16.a4 b6 17.Ne3 Qf7 18.f3 Rfd8 19.Bf2 Rd7 20.Red1 Ne7 21.b4 a5 22.b5 Rad8
23.c4 Nd3 24.Bxd3 Rxd3 25.Nd5 Rd4 26.Bxd4 exd4 27.Nb3 c6 28.Nxe7+ Qxe7 29.Nxd4 Rxd4
30.Rxd4 f5 31.Rad1 Qc5 32.Qf2 Kh7 33.Rd7 Qxc4 34.Rxg7+ Kxg7 35.Qxb6 cxb5
36.Qxb5 Qc2 37.Qe5+ Kf7 38.Qd4 g5 39.exf5 Bxf5 40.Qa7+ Kf6 41.Rd6+ Be6 42.Qe3 Qb1+
43.Kf2 Qc2+ 44.Kg3 Qf5 45.Qd4+ Ke7 46.Ra6 Kf7 47.Ra7+ Kg6 48.Rg7+ Kh5 49.h3 Qc2
50.Qg4+ Bxg4 51.fxg4+  1-0

[Event "World Cup"]
[Site "Reykjavik"]
[Date "1988.??.??"]
[Round "?"]
[White "Sax, Gyula"]
[Black "Speelman, Jonathan S"]
[Result "1/2-1/2"]
[WhiteElo "2600"]
[BlackElo "2645"]

1.e4 c6 2.d4 d5 3.Nd2 dxe4 4.Nxe4 Nd7 5.Bc4 Ngf6 6.Ng5 e6 7.Qe2 Nb6 8.Bb3 h6
9.N5f3 c5 10.Bf4 Nbd5 11.Be5 Qa5+ 12.Nd2 b5 13.dxc5 Bxc5 14.Nf3 O-O 15.O-O Ba6
16.c3 Qb6 17.Bc2  1/2-1/2

[Event "Wch-blitz"]
[Site "Saint John"]
[Date "1988.??.??"]
[Round "1"]
[White "Gallagher, Joseph G"]
[Black "Speelman, Jonathan S"]
[Result "0-1"]
[WhiteElo "2480"]
[BlackElo "2625"]

1.e4 d6 2.d4 g6 3.Nc3 Bg7 4.Be3 a6 5.Qd2 Nd7 6.f3 b5 7.Nge2 Nb6 8.Nc1 Nf6
9.Bh6 O-O 10.h4 c5 11.d5 e6 12.h5 exd5 13.Bxg7 Kxg7 14.hxg6 fxg6 15.Nxd5 Nbxd5
16.Qh6+ Kg8 17.exd5 Qe7+ 18.Be2 Nxd5 19.Nd3 Ra7 20.Qh4 Qxh4+ 21.Rxh4 Ne3
22.Kd2 Nxg2 23.Rh2 Nf4 24.Nxf4 Rxf4 25.Ke3 Rf6 26.Rd1 Re7+ 27.Kf2 Bf5 28.a4 Bxc2
29.Rd2 Bxa4 30.Bd3 Bb3 31.Rh4 Bd5 32.Rh3 Bc6 33.Bb1 a5 34.Ba2+ c4 35.b3 d5
36.bxc4 dxc4 37.Rd8+ Kg7 38.Rc8 a4 39.Rb8 Ref7 40.Ke2 Bxf3+ 41.Kd2 Bg4 42.Rg3 Rf2+
43.Kc3 Rxa2 44.Rxg4 Ra3+ 45.Kb4 Rb3+ 46.Kc5 a3 47.Ra8 c3 48.Rg3 c2 49.Rxb3 c1=Q+
50.Kb4 Qe1+ 51.Kxa3 Qa1+ 52.Kb4  0-1

[Event "Wch-blitz"]
[Site "Saint John"]
[Date "1988.??.??"]
[Round "1"]
[White "Speelman, Jonathan S"]
[Black "Gallagher, Joseph G"]
[Result "1/2-1/2"]
[WhiteElo "2625"]
[BlackElo "2480"]

1.d4 Nf6 2.c4 g6 3.Nc3 Bg7 4.e4 d6 5.Bd3 O-O 6.Nge2 Nc6 7.O-O e5 8.d5 Nd4
9.Nxd4 exd4 10.Nb5 Ng4 11.h3 a6 12.hxg4 axb5 13.cxb5 Qh4 14.g3 Qxg4 15.Qxg4 Bxg4
16.Kg2 Bd7 17.a4 b6 18.Ra3 f5 19.Bd2 fxe4 20.Bxe4 Bf5 21.f3 Rfe8 22.Re1 Bxe4
23.fxe4 h5 24.b4 Reb8 25.Kf3 Be5 26.Ke2 Kg7 27.Rc1 Ra7 28.Rc6 Kf6 29.Bf4 g5
30.Bd2 g4 31.Be1 Rba8 32.a5 bxa5 33.bxa5 Rb8 34.Rb3 d3+ 35.Kxd3 h4 36.gxh4 g3
37.Ke2 Rg8 38.a6 g2 39.Bf2 g1=Q 40.Bxg1 Rxg1 41.h5 Rh1 42.Rf3+ Ke7 43.Rf5 Rb1
44.h6 Rxb5 45.h7 Rb2+ 46.Kf3 Rh2 47.Rg5 Rxh7 48.Rg8 Rf7+ 49.Ke2 Rf8 50.Rxf8 Kxf8
51.Kd3 Ke7 52.Kc4 Kd7 53.Kb5 Kc8 54.Rc2 Bd4 55.Rg2 Bb6 56.Rg8+ Kd7 57.Rh8 Bd4
58.Rg8 Bc5 59.Rh8 Bb6 60.Rg8 Bc5  1/2-1/2

[Event "Wch-blitz"]
[Site "Saint John"]
[Date "1988.??.??"]
[Round "1"]
[White "Speelman, Jonathan S"]
[Black "Gallagher, Joseph G"]
[Result "1-0"]
[WhiteElo "2625"]
[BlackElo "2480"]

1.d4 Nf6 2.c4 g6 3.Nc3 Bg7 4.e4 d6 5.Bd3 O-O 6.Nge2 Nc6 7.O-O e5 8.d5 Nd4
9.Nxd4 exd4 10.Nb5 Ng4 11.h3 a6 12.hxg4 axb5 13.cxb5 Qh4 14.g3 Qh3 15.Be2 Be5
16.Bf3 Bd7 17.a4 b6 18.Ra3 Rae8 19.b4 Bg7 20.Bb2 f5 21.Bg2 Qxg4 22.Qxg4 fxg4
23.Rd1 Ra8 24.Bf1 Ra7 25.a5 bxa5 26.bxa5 Rb8 27.Bxd4 Bxd4 28.Rxd4 h5 29.a6 Kf7
30.Rd1 Rb6 31.Rb1 Ke7 32.Kg2 g5 33.Rc3 h4 34.gxh4 gxh4 35.Rbc1 h3+ 36.Kg3 Kd8
37.Rb1 Kc8 38.Be2 Kb8 39.Bxg4 Bxg4 40.Kxg4 Raxa6 41.bxa6 Rxb1 42.Rxh3 Rc1
43.Rb3+ Ka7 44.Ra3 Rf1 45.f3 Rd1 46.Kf5 c6 47.dxc6 Rc1 48.Ke6 Rxc6 49.Kd5  1-0

[Event "Wch-blitz"]
[Site "Saint John"]
[Date "1988.??.??"]
[Round "2"]
[White "Speelman, Jonathan S"]
[Black "Wilder, Michael"]
[Result "1-0"]
[WhiteElo "2625"]
[BlackElo "2535"]

1.d4 Nf6 2.c4 e6 3.g3 c5 4.Nf3 cxd4 5.Nxd4 Nc6 6.Bg2 Bc5 7.Nb3 Be7 8.Nc3 d6
9.O-O O-O 10.Nd4 Bd7 11.b3 Nxd4 12.Qxd4 Bc6 13.e4 a6 14.a4 Nd7 15.Bb2 Bf6
16.Qd1 Nc5 17.Rb1 Bxc3 18.Bxc3 Bxe4 19.Bxe4 Nxe4 20.Bxg7 Kxg7 21.Qg4+ Ng5
22.h4 h6 23.hxg5 Qxg5 24.Qd4+ Qe5 25.Qd3 d5 26.Rfe1 Qg5 27.cxd5 exd5 28.Qd4+ Kh7
29.Re5 Qg6 30.Rbe1 Rac8 31.Qxd5 Rc6 32.Re7 Rd6 33.Qxb7 Rd4 34.R7e6 Qg7 35.Rxa6 h5
36.Ra5 Qg6 37.Qf3 Rg4 38.Qf5 Rb8 39.Qxh5+ Qxh5 40.Rxh5+ Kg6 41.Rb5 Rxb5 42.axb5 Rb4
43.Rb1 Rxb5 44.b4 Kf5 45.Kg2 Ke4 46.Kh3 Kf3 47.Kh4 Kxf2 48.Rb3 Kg2 49.Kg4 Kf2
50.Kf4 Ke2 51.g4 Kd2 52.g5 Kc2 53.Re3 Rxb4+ 54.Kf5 Kd2 55.Re7 Rb1 56.Rxf7 Ke3
57.Re7+ Kf3 58.g6 Rb5+ 59.Kf6 Kf4 60.g7 Rb8 61.Kf7 Kf5 62.g8=Q Rxg8 63.Kxg8 Kf6
64.Re4 Kf5 65.Ra4 Ke5 66.Kf7 Kd5 67.Kf6 Kc5 68.Ke6 Kb5 69.Rh4 Kc5 70.Rg4 Kb5
71.Kd6 Ka5 72.Kc6  1-0

[Event "Wch-blitz"]
[Site "Saint John"]
[Date "1988.??.??"]
[Round "2"]
[White "Wilder, Michael"]
[Black "Speelman, Jonathan S"]
[Result "1-0"]
[WhiteElo "2535"]
[BlackElo "2625"]

1.d4 d6 2.e4 g6 3.Nc3 Bg7 4.Nf3 Nf6 5.h3 O-O 6.Be3 c6 7.a4 d5 8.e5 Ne4 9.Ne2 f6
10.exf6 exf6 11.Nf4 Qb6 12.Nd3 Na6 13.Be2 Nb4 14.Nc1 Bf5 15.a5 Qc7 16.Nd3 Nxd3+
17.Bxd3 Rae8 18.O-O Qd7 19.Bf4 g5 20.Bh2 Bg6 21.Nd2 f5 22.c3 f4 23.Nb3 h5
24.f3 Kh7 25.fxe4 dxe4 26.Bc2 b6 27.axb6 axb6 28.h4 f3 29.gxf3 Qh3 30.hxg5 Re6
31.f4 Bf5 32.Qe2 Bg4 33.Qg2 Qe3+ 34.Qf2 Qh3 35.Rae1 Kh8 36.Bxe4 c5 37.Re3 Rxe4
38.Rxh3 Bxh3 39.Qf3 Bf5 40.Qxh5+ Kg8 41.Nd2 Re6 42.d5 Rd6 43.Nc4 Rxd5 44.Re1 Bd3
45.Ne3 Rd7 46.f5 c4 47.f6 Bh8 48.Ng4  1-0

[Event "Wch-blitz"]
[Site "Saint John"]
[Date "1988.??.??"]
[Round "2"]
[White "Speelman, Jonathan S"]
[Black "Wilder, Michael"]
[Result "1/2-1/2"]
[WhiteElo "2625"]
[BlackElo "2535"]

1.d4 Nf6 2.Nf3 g6 3.c4 Bg7 4.Nc3 d6 5.e4 O-O 6.Be2 e5 7.Be3 Ng4 8.Bg5 f6
9.Bh4 Nc6 10.d5 Ne7 11.Nd2 Nh6 12.O-O g5 13.Bg3 f5 14.exf5 Nhxf5 15.Nde4 Ng6
16.Bg4 Nf4 17.c5 Qe7 18.cxd6 cxd6 19.Nb5 Bd7 20.a4 Bxb5 21.axb5 Nd4 22.Rc1 Nxb5
23.Bxf4 exf4 24.Be6+ Kh8 25.Rc4 f3 26.g3 Nc7 27.Bg4 b5 28.Rxc7 Qxc7 29.Nxg5 Bxb2
30.Qb1 Be5 31.Ne6 Qb6 32.Qe4 Rf7 33.Bxf3 a5 34.Kg2 a4 35.Bh5 Rc7 36.f4 Bf6
37.Bd1 Rf7 38.Bc2 Rc8 39.h4 Rc4 40.Qf5 a3 41.Kh3 Qb7 42.Bb3 Rc3 43.Ba2 Rxg3+
44.Kh2 Bxh4 45.Qh5 Qc8 46.Qxh4 Rg8 47.Rf2 Qc1 48.Rg2 Rxg2+ 49.Kxg2 Qd2+ 50.Kh3 Qe3+
51.Kg4 Qe2+ 52.Kh3 Qf3+ 53.Kh2 Qe2+ 54.Kh3  1/2-1/2

[Event "Thessaloniki ol (Men)"]
[Site "Thessaloniki"]
[Date "1988.??.??"]
[Round "2"]
[White "Skembris, Spyridon"]
[Black "Speelman, Jonathan S"]
[Result "0-1"]
[WhiteElo "2425"]
[BlackElo "2645"]

1.d4 d6 2.Nf3 g6 3.e4 Bg7 4.h3 c5 5.d5 Nf6 6.Nc3 O-O 7.a4 e6 8.Be2 exd5 9.exd5 Na6
10.O-O Nb4 11.Bf4 a6 12.Bh2 Re8 13.Nd2 Nfxd5 14.Nxd5 Nxd5 15.Nc4 Bxb2 16.Nxb2 Nc3
17.Qd2 Nxe2+ 18.Kh1 Nd4 19.Nc4 d5 20.Nd6 Re6 21.Rae1 Rxd6 22.Bxd6 Qxd6 23.Re8+ Kg7
24.f4 Rb8 25.Rfe1 Bf5 26.Rxb8 Qxb8 27.c3 Nc6 28.Qxd5 Be6 29.Qxc5 Qxf4 30.a5 Qf5
31.Qb6 Qxa5 32.Qxb7 Qxc3 33.Rxe6 Nd8 34.Rxg6+ hxg6 35.Qxa6 Ne6 36.Qa2 Nf4
37.Qf2 Qe5 38.Qd2 Qe4 39.Kh2 Qxg2+ 40.Qxg2 Nxg2 41.Kxg2 Kh6 42.Kf3 Kh5 43.Kg3 g5
44.Kf3 Kh4 45.Kg2 f6  0-1

[Event "Thessaloniki ol (Men)"]
[Site "Thessaloniki"]
[Date "1988.??.??"]
[Round "3"]
[White "Rechlis, Gad"]
[Black "Speelman, Jonathan S"]
[Result "0-1"]
[WhiteElo "2515"]
[BlackElo "2645"]

1.Nf3 g6 2.g3 Bg7 3.Bg2 d5 4.O-O e5 5.d3 Ne7 6.e4 O-O 7.Nbd2 Nbc6 8.c3 a5
9.a4 h6 10.exd5 Nxd5 11.Nc4 Ra6 12.Re1 Re8 13.Nfd2 Be6 14.Nb3 b6 15.Nbd2 Qd7
16.Nf3 f6 17.d4 Nxc3 18.Qd3 e4 19.Qxc3 exf3 20.Bxf3 Nxd4 21.Bg2 b5 22.axb5 Nxb5
23.Qb3 a4 24.Qc2 Nd4 25.Qxg6 Bf7 26.Rxe8+ Qxe8 27.Qd3 Nb3 28.Rb1 Bg6  0-1

[Event "Thessaloniki ol (Men)"]
[Site "Thessaloniki"]
[Date "1988.??.??"]
[Round "5"]
[White "Ionescu, Constantin"]
[Black "Speelman, Jonathan S"]
[Result "0-1"]
[WhiteElo "2465"]
[BlackElo "2645"]

1.d4 d6 2.Nf3 g6 3.c4 Bg7 4.g3 c5 5.Bg2 Nc6 6.d5 Na5 7.O-O a6 8.Nfd2 b5 9.Na3 Bd7
10.Rb1 bxc4 11.Naxc4 Nf6 12.b3 Nxc4 13.Nxc4 Bf5 14.Rb2 Be4 15.Bxe4 Nxe4 16.Rc2 O-O
17.Qd3 Nf6 18.Bd2 a5 19.a4 Nd7 20.f4 Qc7 21.Rf3 f5 22.e4 Bd4+ 23.Kg2 fxe4
24.Qxe4 Nf6 25.Qe1 Qb7 26.Qe6+ Kg7 27.Nxa5 Qxd5 28.Qxd5 Nxd5 29.Nc4 Rfb8
30.Rc1 Nb4 31.Na3 Bb2 32.Bc3+ Bxc3 33.Rcxc3 Rb7 34.Nb5 Nd5 35.Rc2 Nc7 36.Nxc7 Rxc7
37.Kf2 Rb8 38.Rd3 Rcb7 39.Rcc3 h5 40.Ke2 Kf6 41.Kd2 Rb4 42.Kc2 Ra8 43.Kd2 Ra6
44.Ke3 g5 45.fxg5+ Kxg5 46.Rd5+ e5 47.Rcd3 Rbb6 48.Kd2 Kf5 49.a5 Rc6 50.Kc3 Ke4
51.b4 cxb4+ 52.Kxb4 Rc5 53.Rxd6 Rcxa5 54.Rxa6 Rxa6 55.Rd2 Rc6 56.Re2+ Kd4
57.Rd2+ Ke3 58.Rd5 e4 59.Rxh5 Kd4 60.Rh8 Rb6+ 61.Ka5 Re6  0-1

[Event "Thessaloniki ol (Men)"]
[Site "Thessaloniki"]
[Date "1988.??.??"]
[Round "6"]
[White "Speelman, Jonathan S"]
[Black "Karpov, Anatoly"]
[Result "0-1"]
[WhiteElo "2645"]
[BlackElo "2725"]

1.Nf3 Nf6 2.c4 b6 3.g3 e6 4.Bg2 Bb7 5.O-O Be7 6.Nc3 O-O 7.b3 d5 8.cxd5 Nxd5
9.Bb2 c5 10.Rc1 Nd7 11.Nxd5 Bxd5 12.d4 Rc8 13.Qd2 cxd4 14.Rxc8 Qxc8 15.Qxd4 Nf6
16.Rc1 Qa6 17.e3 Qxa2 18.Nd2 Bc5 19.Qe5 Bd6 20.Qd4 Ba3 21.Bxa3 Qxa3 22.Rc7 Bxg2
23.Kxg2 h6 24.Nc4 Qxb3 25.Rxa7 Qc2 26.Ne5 Ne4 27.Nd3 Nd2 28.Ne5 b5 29.h4 Ne4
30.Nd3 Qc4 31.Qd7 Nd2 32.Rc7 Qe4+ 33.Kh2 Nf3+ 34.Kh3 g5 35.hxg5 hxg5  0-1

[Event "Thessaloniki ol (Men)"]
[Site "Thessaloniki"]
[Date "1988.??.??"]
[Round "8"]
[White "Hug, Werner"]
[Black "Speelman, Jonathan S"]
[Result "1/2-1/2"]
[WhiteElo "2445"]
[BlackElo "2645"]

1.Nf3 d5 2.g3 c6 3.Bg2 Bg4 4.O-O Nd7 5.d4 e6 6.Nbd2 Ngf6 7.Re1 Be7 8.e4 dxe4
9.Nxe4 O-O 10.c3 a5 11.a4 Qb6 12.Ned2 Nd5 13.Nc4 Qc7 14.Qb3 Rfd8 15.Bg5 Bxf3
16.Bxe7 Nxe7 17.Bxf3 Nd5 18.Re2 Rab8 19.Qc2 Nf8 20.Be4 c5 21.dxc5 Qxc5 22.Na3 Nf6
23.Bg2 h5 24.Rd1 Rxd1+ 25.Qxd1  1/2-1/2

[Event "Thessaloniki ol (Men)"]
[Site "Thessaloniki"]
[Date "1988.??.??"]
[Round "9"]
[White "Speelman, Jonathan S"]
[Black "Schussler, Harry"]
[Result "1-0"]
[WhiteElo "2645"]
[BlackElo "2525"]

1.e4 e6 2.d4 d5 3.Nd2 a6 4.Ngf3 c5 5.dxc5 Bxc5 6.Bd3 Nc6 7.c3 Nge7 8.O-O O-O
9.Re1 Ng6 10.exd5 exd5 11.Nb3 Be7 12.h3 Bf6 13.Be3 b6 14.Nbd4 Na5 15.Qc2 Nc4
16.Rad1 Nxe3 17.Rxe3 Qc7 18.Rde1 Bd7 19.Bf5 Rfd8 20.g3 Nf8 21.Bxd7 Qxd7 22.Kg2 Rac8
23.Ne5 Qb7 24.Qf5 Ng6 25.Ng4 Bxd4 26.cxd4 Qc6 27.h4 Nf8 28.Re7 Qg6 29.Qf3 f6
30.h5 Qg5 31.h6 gxh6 32.Nxf6+ Kh8 33.Rf7 Qg6 34.Ree7 Rc6 35.Qf4 Re6  1-0

[Event "Thessaloniki ol (Men)"]
[Site "Thessaloniki"]
[Date "1988.??.??"]
[Round "10"]
[White "Knaak, Rainer"]
[Black "Speelman, Jonathan S"]
[Result "0-1"]
[WhiteElo "2500"]
[BlackElo "2645"]

1.d4 d6 2.c4 e5 3.Nf3 e4 4.Ng5 f5 5.Nc3 c6 6.Nh3 Na6 7.e3 Nf6 8.d5 g6 9.b3 Bg7
10.Bb2 O-O 11.Qd2 Ng4 12.Be2 Nc5 13.Rd1 Qh4 14.Na4 f4 15.Bxg7 fxe3 16.Qc3 Rxf2
17.Bh8 Rxg2+ 18.Kf1 Ne5  0-1

[Event "Thessaloniki ol (Men)"]
[Site "Thessaloniki"]
[Date "1988.??.??"]
[Round "11"]
[White "Gulko, Boris F"]
[Black "Speelman, Jonathan S"]
[Result "1/2-1/2"]
[WhiteElo "2590"]
[BlackElo "2645"]

1.d4 d6 2.c4 e5 3.Nf3 e4 4.Ng5 f5 5.Nc3 c6 6.Nh3 Na6 7.f3 Nf6 8.Bg5 Be7 9.e3 O-O
10.Qd2 Nc7 11.O-O-O d5 12.Kb1 Be6 13.c5 b6 14.Na4 exf3 15.gxf3 Ne4 16.fxe4 Bxg5
17.Nxg5 Qxg5 18.cxb6 axb6 19.Nxb6 Rab8 20.h4 Qg3 21.exd5 Nxd5 22.Nxd5 Bxd5
23.Rh3 Qg4 24.Rc1 f4 25.exf4 Rxf4 26.Qh2 Rbf8 27.Rg3 Qe6 28.Bh3 Qe4+ 29.Qc2 Qxd4
30.Bg2 Rf2 31.Bxd5+ cxd5 32.Qc3 Qe4+ 33.Qd3 Qe5 34.Qc3 d4 35.Qc4+ Kh8 36.Rd3 R2f4
37.h5 h6 38.Rcd1 Qxh5 39.a3 Qe2 40.Qc5 Rb8 41.R3d2 Qe4+ 42.Ka1 Qb7 43.Qd6 Rg4
44.Rh2 Qb3 45.Rdh1 Kg8 46.Rd2 Rb6 47.Qd7 Rbg6 48.Rxd4 Rg1+ 49.Rd1 Qxd1+ 50.Qxd1 Rxd1+
51.Rxd1 h5 52.b4 h4 53.b5 h3 54.Ka2 Kf7 55.Rh1 Rh6 56.b6  1/2-1/2

[Event "Thessaloniki ol (Men)"]
[Site "Thessaloniki"]
[Date "1988.??.??"]
[Round "12"]
[White "Speelman, Jonathan S"]
[Black "Sax, Gyula"]
[Result "1-0"]
[WhiteElo "2645"]
[BlackElo "2600"]

1.Nf3 Nf6 2.c4 c5 3.Nc3 Nc6 4.d4 cxd4 5.Nxd4 Qb6 6.Nb3 e6 7.a3 Ne5 8.Be3 Qd8
9.Bf4 d6 10.c5 a6 11.e3 Qc7 12.cxd6 Qxd6 13.Be2 Be7 14.O-O O-O 15.Rc1 Qxd1
16.Rfxd1 Nc6 17.Bd6 Bxd6 18.Rxd6 Rd8 19.Rxd8+ Nxd8 20.Na4 Bd7 21.Nb6 Rb8
22.Nxd7 Nxd7 23.Rc7 Nb6 24.Nc5 Nd5 25.Rd7 a5 26.Bb5 b6 27.Ne4 Nf6 28.Nxf6+ gxf6
29.Rd6 Kg7 30.f4 Kf8 31.Kf2 Ke7 32.Rd7+ Kf8 33.Kf3 Nb7 34.b4 axb4 35.axb4 Nd8
36.g4 Rc8 37.Rd6 Rb8 38.h4 h6 39.Ke2 Ke7 40.Rd7+ Kf8 41.Kf3 Rc8 42.Ba6 Ra8
43.b5 Ke8 44.Rc7 f5 45.e4 fxg4+ 46.Kxg4 Kf8 47.f5 Kg7 48.Kf4 Kf6 49.e5+ Kg7
50.f6+ Kg6 51.Kg4 Rb8 52.Ra7 h5+ 53.Kf4 Kh6 54.Re7 Kg6 55.Re8 Kh6 56.Rf8 Kg6
57.Rh8 Nc6 58.bxc6 Rxh8 59.c7 b5 60.c8=Q Rxc8 61.Bxc8 b4 62.Ba6  1-0